[Event "Vina del Mar U2000 5th"]
[Site "Vina del Mar"]
[Date "2018.02.10"]
[Round "5.3"]
[White "Silva Morales, Vicente"]
[Black "Romero Kries, Mario Andres"]
[Result "1-0"]
[WhiteElo "1309"]
[BlackElo "1625"]
[PlyCount "97"]
[EventDate "2018.02.09"]
[EventType "swiss"]
[EventRounds "5"]
[EventCountry "CHI"]
[SourceTitle "EXT 2024"]
[Source "ChessBase"]
[SourceDate "2023.10.10"]
[SourceVersion "1"]
[SourceVersionDate "2023.10.10"]
[SourceQuality "1"]

1. e4 e5 2. Nf3 Nc6 3. Bb5 a6 4. Ba4 Nf6 5. d3 b5 6. Bb3 Bc5 7. c3 d6 8. h3 0-0 9. 0-0 Bb6 10. Re1 Na5 11. Bc2 c5 12. Nbd2 h6 13. Nb3 Nc6 14. a3 Be6 15. Be3 a5 16. Qe2 a4 17. Nbd2 Qd7 18. Rad1 Na5 19. d4 exd4 20. cxd4 cxd4 21. Nxd4 Bc4 22. Qf3 Bxd4 23. Bxd4 Qe6 24. Bc3 Nc6 25. Bxf6 Qxf6 26. Qxf6 gxf6 27. Nxc4 bxc4 28. Rxd6 Ne5 29. Rxf6 Kg7 30. Rd6 Rab8 31. Rb1 Rfd8 32. Rxd8 Rxd8 33. Bxa4 Rd2 34. Bb5 Nd3 35. Bxc4 Nxf2 36. Rf1 Nxe4 37. Rxf7+ Kg6 38. Rb7 Nd6 39. Rb6 Kf5 40. Rc6 Nxc4 41. Rxc4 Rxb2 42. Rb4 Ra2 43. a4 Kg6 44. Rh4 h5 45. Kh2 Kg5 46. Rd4 Kf5 47. Kg3 Kg5 48. Rd5+ Kg6 49. a5 1-0

[Event "American Continental 13th"]
[Site "Medellin"]
[Date "2017.06.10"]
[Round "1"]
[White "Romero Kries, Mario Andres"]
[Black "Saladen Dulce, Rafael"]
[Result "0-1"]
[WhiteElo "1638"]
[BlackElo "2155"]
[PlyCount "85"]
[EventDate "2017.06.10"]
[EventType "swiss"]
[EventRounds "11"]
[EventCountry "COL"]
[SourceTitle "CBM 178 Extra"]
[Source "ChessBase"]
[SourceDate "2017.06.22"]
[SourceVersion "1"]
[SourceVersionDate "2017.06.22"]
[SourceQuality "1"]

1. e4 c5 2. Nf3 d6 3. d4 cxd4 4. Nxd4 Nf6 5. Nc3 Nc6 6. Be2 e5 7. Ndb5 a6 8. Na3 b5 9. Nd5 Nxd5 10. exd5 Nd4 11. Be3 Nxe2 12. Qxe2 Be7 13. 0-0 0-0 14. c4 bxc4 15. Nxc4 Rb8 16. b3 Rb5 17. Rad1 Bb7 18. Na3 Rxd5 19. Rxd5 Bxd5 20. Rd1 Qa8 21. f3 Rc8 22. Nc4 Bxc4 23. bxc4 Qc6 24. Rc1 Bd8 25. Qb2 Bc7 26. h3 Rb8 27. Qd2 Bb6 28. Kh2 Bxe3 29. Qxe3 f6 30. Qd2 Rc8 31. a3 Qc5 32. Rd1 Rc6 33. Qa2 a5 34. Qb3 Qxc4 35. Qb8+ Kf7 36. Rxd6 Qf4+ 37. Kg1 Rc1+ 38. Kf2 Qh4+ 39. g3 Rc2+ 40. Ke3 Qg5+ 41. Ke4 f5+ 42. Kxe5 Qe3+ 43. Kxf5 0-1

[Event "Pan American-ch U1700"]
[Site "Carilo Village"]
[Date "2016.10.26"]
[Round "2"]
[White "Zamora, Yago"]
[Black "Romero Kries, Mario Andres"]
[Result "0-1"]
[WhiteElo "1509"]
[BlackElo "1622"]
[PlyCount "98"]
[EventDate "2016.10.25"]
[EventType "swiss"]
[EventRounds "9"]
[EventCountry "ARG"]
[SourceTitle "EXT 2022"]
[Source "ChessBase"]
[SourceDate "2021.10.06"]
[SourceVersion "1"]
[SourceVersionDate "2021.10.06"]
[SourceQuality "1"]

1. e4 e5 2. Nf3 Nc6 3. Bc4 Be7 4. d4 exd4 5. Nxd4 d6 6. Be3 Nf6 7. Nc3 0-0 8. h3 Na5 9. Bd3 c5 10. Nf3 Be6 11. e5 dxe5 12. Nxe5 c4 13. Be2 Qc7 14. Nf3 a6 15. Qd4 Nc6 16. Qb6 Qxb6 17. Bxb6 Nb4 18. Nd4 Rac8 19. a3 Nbd5 20. Nxe6 fxe6 21. Bd4 Nxc3 22. Bxc3 b5 23. Bf3 Nd5 24. Bd4 Bf6 25. Bxf6 Rxf6 26. Rd1 Rcf8 27. 0-0 Rd8 28. Rd4 Rf7 29. Re1 Rf4 30. Red1 Rxd4 31. Rxd4 g6 32. Kf1 Kf7 33. Be4 Kf6 34. f4 h5 35. g4 Ne3+ 36. Ke2 Rxd4 37. g5+ Kf7 38. Kxe3 Rd1 39. Bb7 Rb1 40. Bxa6 Rxb2 41. Kd2 Ra2 42. Bxb5 Rxa3 43. Bxc4 Rxh3 44. Be2 Ra3 45. c3 h4 46. Ke3 Rxc3+ 47. Kf2 e5 48. fxe5 Ke6 49. Bf3 Kxe5 0-1

[Event "Galvarino Lautaro U2200 2nd"]
[Site "Galvarino"]
[Date "2014.12.07"]
[Round "5.1"]
[White "Navarrete Sandoval, Francisco Javier"]
[Black "Romero Kries, Mario Andres"]
[Result "1/2-1/2"]
[WhiteElo "1846"]
[BlackElo "1610"]
[PlyCount "46"]
[EventDate "2014.12.06"]
[EventType "swiss"]
[EventRounds "8"]
[EventCountry "CHI"]
[SourceTitle "EXT 2024"]
[Source "ChessBase"]
[SourceDate "2023.10.10"]
[SourceVersion "1"]
[SourceVersionDate "2023.10.10"]
[SourceQuality "1"]

1. d4 d5 2. c4 c6 3. Nc3 Nf6 4. cxd5 Nxd5 5. e4 Nxc3 6. bxc3 e6 7. Nf3 Be7 8. Bd3 Nd7 9. e5 b6 10. h4 Bb7 11. Rb1 Qc7 12. Bd2 h6 13. 0-0 0-0 14. Qe2 c5 15. Rfc1 Rac8 16. Ba6 Rb8 17. Bxb7 Qxb7 18. a4 cxd4 19. cxd4 Rfc8 20. a5 Rxc1+ 21. Rxc1 bxa5 22. Bxa5 Rc8 23. Rxc8+ Qxc8 1/2-1/2

[Event "Galvarino Lautaro U2200 2nd"]
[Site "Galvarino"]
[Date "2014.12.06"]
[Round "3.2"]
[White "Quiriban Espinosa, Nicolas Aleja"]
[Black "Romero Kries, Mario Andres"]
[Result "1-0"]
[WhiteElo "1583"]
[BlackElo "1610"]
[PlyCount "81"]
[EventDate "2014.12.06"]
[EventType "swiss"]
[EventRounds "8"]
[EventCountry "CHI"]
[SourceTitle "EXT 2024"]
[Source "ChessBase"]
[SourceDate "2023.10.10"]
[SourceVersion "1"]
[SourceVersionDate "2023.10.10"]
[SourceQuality "1"]

1. e4 c5 2. Nf3 d6 3. d4 cxd4 4. Nxd4 Nc6 5. Bb5 Bd7 6. 0-0 Nf6 7. Nc3 e6 8. Re1 a6 9. Bxc6 Bxc6 10. a4 Be7 11. f3 0-0 12. Be3 Qc7 13. Bf2 Rac8 14. Qd3 Rfd8 15. f4 e5 16. Nf5 exf4 17. Qf3 d5 18. Nxe7+ Qxe7 19. exd5 Qb4 20. dxc6 Rxc6 21. Rab1 h6 22. Ne4 Nd5 23. Red1 Rxc2 24. Nc3 Rxb2 25. Rxb2 Qxb2 26. Nxd5 Re8 27. Nxf4 Qc2 28. Rd7 Qxa4 29. Rd1 b5 30. Re1 Rb8 31. Ba7 Rd8 32. Nd5 Qc4 33. Rd1 Rf8 34. Ne7+ Kh7 35. Qf5+ g6 36. Nxg6 Kg8 37. Ne7+ Kh8 38. Bd4+ f6 39. Bxf6+ Rxf6 40. Qxf6+ Kh7 41. Qg6+ 1-0

[Event "Galvarino Lautaro U2200 2nd"]
[Site "Galvarino"]
[Date "2014.12.06"]
[Round "2.3"]
[White "Reyes Torres, Luis"]
[Black "Romero Kries, Mario Andres"]
[Result "0-1"]
[WhiteElo "1403"]
[BlackElo "1610"]
[PlyCount "156"]
[EventDate "2014.12.06"]
[EventType "swiss"]
[EventRounds "8"]
[EventCountry "CHI"]
[SourceTitle "EXT 2024"]
[Source "ChessBase"]
[SourceDate "2023.10.10"]
[SourceVersion "1"]
[SourceVersionDate "2023.10.10"]
[SourceQuality "1"]

1. e4 Nf6 2. Nc3 d5 3. exd5 Nxd5 4. Nf3 e6 5. Nxd5 Qxd5 6. d4 Be7 7. Bf4 Qa5+ 8. c3 0-0 9. Bd3 Nd7 10. 0-0 Nf6 11. Bg5 Bd7 12. Ne5 Rad8 13. Nxd7 Rxd7 14. Bxf6 Bxf6 15. Qf3 Qb6 16. b4 Rfd8 17. Be4 c6 18. a4 a6 19. Rfe1 h6 20. a5 Qb5 21. Qd3 Bg5 22. Ra3 Bf6 23. Rd1 Qg5 24. Qe3 e5 25. Qxg5 Bxg5 26. Raa1 exd4 27. Bf5 Rd6 28. cxd4 Rxd4 29. Rxd4 Rxd4 30. Rb1 Be7 31. Bc8 Rxb4 32. Rxb4 Bxb4 33. Bxb7 Bxa5 34. Bxc6 Bb4 35. f4 f5 36. Bd7 g6 37. g4 fxg4 38. Bxg4 Kf7 39. Kg2 a5 40. Bd1 Kf6 41. Bc2 g5 42. fxg5+ Kxg5 43. Kg3 Bd6+ 44. Kg2 h5 45. Kh3 h4 46. Ba4 Be7 47. Bd1 Kf4 48. Kg2 Ke3 49. h3 Kd4 50. Kf3 Kc4 51. Ke4 Kb4 52. Kd5 a4 53. Bxa4 Kxa4 54. Ke4 Kb3 55. Kf3 Kc3 56. Ke3 Bc5+ 57. Ke2 Kd4 58. Kf3 Ke5 59. Kg4 Be7 60. Kf3 Kf5 61. Ke3 Bg5+ 62. Kf3 Ke5 63. Kg4 Be7 64. Kf3 Kd4 65. Kf4 Kd3 66. Kf3 Kd2 67. Kf2 Bc5+ 68. Kf3 Ke1 69. Kg4 Be7 70. Kf3 Kf1 71. Kf4 Kg2 72. Kg4 Kh2 73. Kf3 Kxh3 74. Kf2 Bc5+ 75. Kf3 Kh2 76. Kg4 Bf2 77. Kf3 Bg3 78. Kg4 Kg2 0-1

[Event "Pan American-ch"]
[Site "Cartagena"]
[Date "2012.09.08"]
[Round "9"]
[White "Romero Kries, Mario Andres"]
[Black "Guzman Mellado, Arcadio"]
[Result "0-1"]
[WhiteElo "1645"]
[BlackElo "1912"]
[PlyCount "64"]
[EventDate "2012.07.04"]
[EventType "swiss"]
[EventRounds "9"]
[EventCountry "COL"]
[SourceTitle "CBM 149 Extra"]
[Source "ChessBase"]
[SourceDate "2012.08.24"]
[SourceVersion "1"]
[SourceVersionDate "2012.08.24"]
[SourceQuality "1"]

1. d4 d5 2. c4 c6 3. Bf4 e6 4. e3 Nf6 5. Nc3 Qa5 6. a3 Ne4 7. Qc2 Bb4 8. Rc1 Bxc3+ 9. bxc3 Qxa3 10. Bd3 f5 11. Nf3 0-0 12. 0-0 Qe7 13. c5 Re8 14. Ne5 Nd7 15. h3 Ng5 16. c4 Nf7 17. cxd5 cxd5 18. Nf3 Nb8 19. Bb5 Nc6 20. Rfd1 Bd7 21. Bxc6 Bxc6 22. Ne5 Nxe5 23. Bxe5 a5 24. Ra1 a4 25. Ra3 Qh4 26. Qc3 Qd8 27. Rc1 Qa5 28. Qb2 Ra6 29. Rb1 Rea8 30. f3 Qd8 31. Qf2 Qg5 32. h4 Qg6 0-1